[Event "Wch Juvenil 2013 sub-18"]
[Site "Al-Ain UAE"]
[Date "2013.12.22"]
[Round "6.39"]
[White "Eltigani, Omar"]
[Black "Bargandzhiya, Zaza"]
[Result "1/2-1/2"]
[WhiteElo "2288"]
[BlackElo "2039"]
[PlyCount "99"]
[EventDate "2013.12.19"]
[EventType "swiss"]
[EventRounds "11"]
[EventCountry "UAE"]
[Source "lmi"]
[SourceDate "2013.12.19"]

1. Nf3 Nf6 2. c4 e6 3. g3 b6 4. Bg2 Bb7 5. O-O c5 6. b3 Be7 7. Bb2 O-O 8. d4
cxd4 9. Qxd4 Nc6 10. Qd1 d5 11. Nbd2 Rc8 12. Rc1 Rc7 13. a3 Rd7 14. Qc2 dxc4
15. Nxc4 Qa8 16. Rfd1 Rxd1+ 17. Rxd1 Rd8 18. Rc1 h6 19. Ne3 Qb8 20. b4 b5 21.
Qc3 Bf8 22. Qc2 Be7 23. Ne1 Rc8 24. Qb3 Qa8 25. Nd3 Nd7 26. Nf4 Bf6 27. Nh5
Nce5 28. Nxf6+ gxf6 29. Rd1 Bxg2 30. Nxg2 Qe4 31. Qe3 Qxe3 32. Nxe3 Nb6 33. f4
Ned7 34. Kf2 Rc7 35. Bd4 Kg7 36. Kf3 h5 37. h3 Kf8 38. Rd3 Ke7 39. Rd2 a6 40.
g4 hxg4+ 41. Kxg4 Rc1 42. h4 Kf8 43. Rd3 Kg7 44. Kf3 Rc6 45. Rd1 Nc4 46. Ng4
Nxa3 47. Rg1 Kh7 48. Nxf6+ Nxf6 49. Bxf6 Nc2 50. Be7 1/2-1/2

[Event "Wch Juvenil 2013 sub-18"]
[Site "Al-Ain UAE"]
[Date "2013.12.22"]
[Round "6.40"]
[White "Hasenohr, Benedict"]
[Black "Esenbek Uulu, Bakai"]
[Result "1/2-1/2"]
[WhiteElo "2278"]
[BlackElo "2009"]
[PlyCount "93"]
[EventDate "2013.12.19"]
[EventType "swiss"]
[EventRounds "11"]
[EventCountry "UAE"]
[Source "lmi"]
[SourceDate "2013.12.19"]

1. Nf3 Nf6 2. c4 c6 3. Nc3 d5 4. e3 e6 5. b3 Bd6 6. Bb2 O-O 7. Qc2 a6 8. h3 e5
9. cxd5 cxd5 10. d4 e4 11. Nd2 Nc6 12. a3 Be6 13. b4 Nd7 14. Ndxe4 dxe4 15. d5
Bxd5 16. Nxd5 f5 17. Bc4 Kh8 18. Rd1 Qg5 19. Kf1 Nde5 20. h4 Qh6 21. Be2 Rad8
22. a4 Qe6 23. Nf4 Qf7 24. b5 Nb4 25. Qc3 Na2 26. Qd4 Bc7 27. Nd5 Bb8 28. h5
Nd3 29. Rxd3 exd3 30. Bf3 Rfe8 31. h6 Be5 32. Qc4 Bxb2 33. Qxa2 Be5 34. hxg7+
Qxg7 35. Qd2 axb5 36. axb5 Ra8 37. Qxd3 Ra1+ 38. Bd1 Qg4 39. f3 Qg6 40. Rh3 Rg8
41. g3 f4 42. e4 fxg3 43. Kg2 Ra2+ 44. Be2 Qd6 45. Qc4 Qa3 46. Nf4 Bxf4 47.
Qd4+ 1/2-1/2

[Event "Wch Juvenil 2013 sub-18"]
[Site "Al-Ain UAE"]
[Date "2013.12.22"]
[Round "6.41"]
[White "Patil, Pratik"]
[Black "Ramos Libon, Jean Piere"]
[Result "1/2-1/2"]
[WhiteElo "2265"]
[BlackElo "1947"]
[PlyCount "51"]
[EventDate "2013.12.19"]
[EventType "swiss"]
[EventRounds "11"]
[EventCountry "UAE"]
[Source "lmi"]
[SourceDate "2013.12.19"]

1. e4 c5 2. c3 Nf6 3. e5 Nd5 4. d4 cxd4 5. Nf3 Nc6 6. cxd4 e6 7. Bc4 Nb6 8. Bb3
d6 9. Qe2 Be7 10. Nc3 Bd7 11. exd6 Bxd6 12. d5 Ne7 13. dxe6 fxe6 14. Bxe6 Bxe6
15. Qxe6 Qd7 16. Qxd7+ Nxd7 17. O-O Ne5 18. Nd4 O-O 19. Ne4 Bb4 20. Nb3 N7c6
21. Be3 Nc4 22. Bc5 Rfe8 23. f3 Nxb2 24. Rab1 Nd3 25. Bxb4 Ndxb4 26. Nbd2
1/2-1/2

[Event "Wch Juvenil 2013 sub-18"]
[Site "Al-Ain UAE"]
[Date "2013.12.22"]
[Round "6.42"]
[White "Menezes, Christoph"]
[Black "Darling, Paul D"]
[Result "1/2-1/2"]
[WhiteElo "2260"]
[BlackElo "1847"]
[PlyCount "66"]
[EventDate "2013.12.19"]
[EventType "swiss"]
[EventRounds "11"]
[EventCountry "UAE"]
[Source "lmi"]
[SourceDate "2013.12.19"]

1. d4 Nf6 2. c4 g6 3. Nf3 Bg7 4. e3 O-O 5. Be2 d6 6. O-O Nbd7 7. Nc3 e5 8. Qc2
Re8 9. Rd1 c6 10. dxe5 dxe5 11. Ng5 Qe7 12. Nge4 Nxe4 13. Nxe4 Nc5 14. Nxc5
Qxc5 15. e4 Be6 16. Be3 Qe7 17. c5 Red8 18. Qa4 a6 19. Qb4 Bf6 20. f3 Qc7 21.
Bc4 Bxc4 22. Qxc4 Rxd1+ 23. Rxd1 Rd8 24. Rxd8+ Qxd8 25. Qb3 Qd7 26. Kf1 Kg7 27.
Ke2 Be7 28. Qd3 Qc7 29. Qd2 Kg8 30. Qc3 Bf8 31. Qd2 Be7 32. Qc3 Bf8 33. Qd2 Be7
1/2-1/2

[Event "Wch Juvenil 2013 sub-18"]
[Site "Al-Ain UAE"]
[Date "2013.12.22"]
[Round "6.43"]
[White "Grandadam, Patrik"]
[Black "Du Toit, Stefan"]
[Result "1/2-1/2"]
[WhiteElo "2243"]
[BlackElo "1822"]
[PlyCount "84"]
[EventDate "2013.12.19"]
[EventType "swiss"]
[EventRounds "11"]
[EventCountry "UAE"]
[Source "lmi"]
[SourceDate "2013.12.19"]

1. Nf3 Nf6 2. c4 g6 3. g3 Bg7 4. Bg2 d5 5. cxd5 Nxd5 6. O-O c5 7. Nc3 Nb6 8. b3
Nc6 9. Bb2 c4 10. Na4 e5 11. bxc4 Nxc4 12. Bc3 O-O 13. d3 Nd6 14. Rb1 Re8 15.
Nd2 Qc7 16. Rc1 Qe7 17. Bb2 Nb5 18. Nc5 Ncd4 19. a4 Nd6 20. Ba3 Qd8 21. Re1 Rb8
22. Nde4 Bf8 23. e3 Ne6 24. Qb3 b6 25. Nxe6 Bxe6 26. Qb2 Nxe4 27. Bxe4 Bd5 28.
Bxf8 Bxe4 29. dxe4 Kxf8 30. Red1 Qe7 31. Rd5 Rb7 32. Qb5 h5 33. Rcd1 h4 34. Qe2
hxg3 35. hxg3 Qe6 36. Kg2 Kg7 37. Qb5 Rh8 38. Rxe5 Qh3+ 39. Kf3 Rc7 40. Qb2 f6
41. Red5 Rh4 42. Qb4 Qg4+ 1/2-1/2

[Event "Wch Juvenil 2013 sub-18"]
[Site "Al-Ain UAE"]
[Date "2013.12.22"]
[Round "6.44"]
[White "Abdulla, Abdulwahab"]
[Black "Drnovsek, Gal"]
[Result "0-1"]
[WhiteElo "1838"]
[BlackElo "2232"]
[PlyCount "92"]
[EventDate "2013.12.19"]
[EventType "swiss"]
[EventRounds "11"]
[EventCountry "UAE"]
[Source "lmi"]
[SourceDate "2013.12.19"]

1. e4 c5 2. Nf3 d6 3. d4 cxd4 4. Nxd4 Nf6 5. Nc3 a6 6. Bg5 e6 7. f4 Be7 8. Qe2
h6 9. Bxf6 Bxf6 10. O-O-O Qc7 11. h4 Nc6 12. Nb3 Nb4 13. Qd2 d5 14. a3 Bxc3 15.
bxc3 Nc6 16. exd5 exd5 17. Re1+ Ne7 18. Qe3 Be6 19. Nd4 O-O 20. Nxe6 fxe6 21.
Qxe6+ Rf7 22. Qe5 Qc5 23. Kb2 Nc6 24. Qe6 Na5 25. Bd3 Nc4+ 26. Bxc4 Qxc4 27.
Re3 Rc8 28. Rd1 Rc5 29. Rd4 Rb5+ 30. Kc1 Qf1+ 31. Re1 Qxg2 32. c4 Rc5 33. Rxd5
Rxd5 34. cxd5 Qf3 35. d6 Qxa3+ 36. Kb1 Qb4+ 37. Ka1 Qa3+ 38. Kb1 Qb4+ 39. Ka1
Qc3+ 40. Kb1 Qb4+ 41. Ka1 Qxf4 42. Qb3 Kh7 43. Re8 Qf5 44. Qc3 Qb5 45. Re4 Rf1+
46. Re1 Rf4 0-1

[Event "Wch Juvenil 2013 sub-18"]
[Site "Al-Ain UAE"]
[Date "2013.12.22"]
[Round "6.47"]
[White "Rygg, Snorre"]
[Black "Alarcon Careaga, Gustavo"]
[Result "0-1"]
[WhiteElo "1838"]
[BlackElo "2133"]
[PlyCount "138"]
[EventDate "2013.12.19"]
[EventType "swiss"]
[EventRounds "11"]
[EventCountry "UAE"]
[Source "lmi"]
[SourceDate "2013.12.19"]

1. d4 d5 2. c4 c6 3. Nc3 Nf6 4. Nf3 e6 5. Bg5 dxc4 6. e4 b5 7. a4 Bb4 8. e5 h6
9. exf6 hxg5 10. fxg7 Rg8 11. h4 gxh4 12. Rxh4 Qf6 13. Rh8 Qxg7 14. Rxg8+ Qxg8
15. Qc2 Bb7 16. O-O-O a6 17. Ne4 Nd7 18. b3 cxb3 19. Qxb3 Be7 20. Ne5 Rd8 21.
f4 Qh7 22. Bd3 Qh2 23. g3 Nxe5 24. dxe5 Kf8 25. Rd2 Qh1+ 26. Rd1 Qf3 27. Qc2
Ba3+ 28. Kb1 Rd4 29. Nc5 Rb4+ 30. Ka1 Rb2 31. Nd7+ Ke7 32. Be4 Rxc2 33. Bxf3
Rc3 34. Be4 Rc4 35. Nf6 Rc1+ 36. Rxc1 Bxc1 37. axb5 axb5 38. Kb1 Be3 39. Kc2
Kd8 40. Nh7 Bf2 41. g4 Bg3 42. Ng5 Bxf4 43. Nxf7+ Ke7 44. Nd6 Ba8 45. Nxb5 Bxe5
46. Na3 Kf6 47. Nc4 Bc7 48. Kd3 Kg5 49. Bf3 Kf4 50. Ke2 Bb7 51. Kf2 Ba6 52. Be2
Bb5 53. Ke1 e5 54. Kd2 e4 55. Kc3 c5 56. Kd2 Bd7 57. g5 Kxg5 58. Ke3 Bc6 59.
Bf1 Bf4+ 60. Kf2 Bc7 61. Ke3 Bh2 62. Be2 Bg1+ 63. Kd2 Kh4 64. Kc3 Bd4+ 65. Kd2
Bb5 66. Kc2 Kg3 67. Kb3 Kf2 68. Bg4 e3 69. Nd6 Bd3 0-1

[Event "Wch Juvenil 2013 sub-18"]
[Site "Al-Ain UAE"]
[Date "2013.12.22"]
[Round "6.50"]
[White "Pon, Matt"]
[Black "Meisch, Tanguy"]
[Result "1-0"]
[WhiteElo "2006"]
[BlackElo "1810"]
[PlyCount "43"]
[EventDate "2013.12.19"]
[EventType "swiss"]
[EventRounds "11"]
[EventCountry "UAE"]
[Source "lmi"]
[SourceDate "2013.12.19"]

1. d4 e6 2. c4 Nf6 3. Nf3 c5 4. d5 exd5 5. cxd5 d6 6. Nc3 g6 7. Bf4 a6 8. a4
Bg7 9. h3 O-O 10. e3 Bf5 11. Nd2 Qc7 12. Be2 Nfd7 13. e4 g5 14. Bxg5 Bg6 15.
O-O f5 16. exf5 Rxf5 17. Be3 Ne5 18. f4 Ned7 19. Bg4 Rf8 20. Be6+ Bf7 21. Nde4
h6 22. f5 1-0

[Event "Wch Juvenil 2013 sub-18"]
[Site "Al-Ain UAE"]
[Date "2013.12.22"]
[Round "6.52"]
[White "Martinez Maya, Steven"]
[Black "Thing, Bibek"]
[Result "1-0"]
[BlackElo "1902"]
[PlyCount "123"]
[EventDate "2013.12.19"]
[EventType "swiss"]
[EventRounds "11"]
[EventCountry "UAE"]
[Source "lmi"]
[SourceDate "2013.12.19"]
[WhiteElo "2065"]

1. e4 c5 2. Nf3 d6 3. d4 cxd4 4. Nxd4 Nf6 5. Nc3 a6 6. Bg5 e6 7. Qd2 Be7 8. Be2
Qc7 9. O-O b5 10. a3 Bb7 11. Rfe1 Nbd7 12. Bd3 h6 13. Bh4 O-O 14. Qe2 Ne5 15.
Bg3 Nxd3 16. cxd3 Qb6 17. Nc2 Rac8 18. Bf4 Qc6 19. Nd4 Qd7 20. Be3 Bd8 21. Qf3
Qe7 22. Qh3 Nd7 23. f4 Bb6 24. Kh1 Qf6 25. Nde2 Bxe3 26. Qxe3 Qe7 27. Ng3 Rfd8
28. Re2 Nf6 29. Qf3 Rc7 30. h3 Rdc8 31. Qf2 Nd7 32. Rf1 Nc5 33. Qe3 Qf6 34. Kh2
Nb3 35. Ref2 Qd4 36. Qf3 Nc5 37. f5 Qxd3 38. Qg4 Qd4 39. f6 g6 40. Qf4 Kh7 41.
Rd2 Qe5 42. Qh4 Rd7 43. Rfd1 Rcd8 44. Kg1 Nb3 45. Rd3 Na5 46. Rf1 Nc4 47. Rf2
Rc7 48. Nd1 d5 49. Re2 d4 50. Nf1 Nd6 51. Nf2 Nc4 52. Ng4 Qg5 53. Qg3 Rcd7 54.
h4 Qc1 55. Re1 Qc2 56. Qf4 g5 57. hxg5 Rg8 58. Rh3 Rg6 59. Nxh6 e5 60. Qf5 Bxe4
61. Rxe4 Ne3 62. Nxf7+ 1-0

[Event "Wch Juvenil 2013 sub-18"]
[Site "Al-Ain UAE"]
[Date "2013.12.23"]
[Round "7.1"]
[White "Naroditsky, Daniel"]
[Black "Idani, Pouya"]
[Result "1/2-1/2"]
[WhiteElo "2531"]
[BlackElo "2483"]
[PlyCount "67"]
[EventDate "2013.12.19"]
[EventType "swiss"]
[EventRounds "11"]
[EventCountry "UAE"]
[Source "lmi"]
[SourceDate "2013.12.19"]

1. c4 c5 2. Nf3 Nc6 3. Nc3 g6 4. e3 Nf6 5. d4 cxd4 6. exd4 d5 7. cxd5 Nxd5 8.
Qb3 Nxc3 9. Bc4 Nd5 10. Bxd5 e6 11. Bxc6+ bxc6 12. O-O f6 13. Be3 Qd5 14. Rfc1
Be7 15. Ne1 Kf7 16. Nd3 Ba6 17. Nb4 Qxb3 18. axb3 Bb5 19. Nxc6 Rhc8 20. Nxe7
Rxc1+ 21. Rxc1 Kxe7 22. Rc7+ Bd7 23. Bd2 Kd6 24. Rc5 Bc6 25. Bf4+ Kd7 26. h4 h5
27. f3 a6 28. Kf2 Rc8 29. b4 Bb5 30. Ke3 Rxc5 31. bxc5 Bf1 32. g4 Kc6 33. Bd6
Kd5 34. gxh5 1/2-1/2

[Event "Wch Juvenil 2013 sub-18"]
[Site "Al-Ain UAE"]
[Date "2013.12.23"]
[Round "7.2"]
[White "Anton Guijarro, David"]
[Black "Ma, Zhonghan"]
[Result "1/2-1/2"]
[WhiteElo "2558"]
[BlackElo "2412"]
[PlyCount "135"]
[EventDate "2013.12.19"]
[EventType "swiss"]
[EventRounds "11"]
[EventCountry "UAE"]
[Source "lmi"]
[SourceDate "2013.12.19"]

1. d4 Nf6 2. c4 e6 3. Nf3 b6 4. e3 Bb7 5. Bd3 Be7 6. O-O O-O 7. Nc3 d5 8. b3
Nbd7 9. Bb2 c5 10. cxd5 Nxd5 11. Nxd5 Bxd5 12. Rc1 Rc8 13. Qe2 cxd4 14. Nxd4
Rxc1 15. Rxc1 Nc5 16. Bb1 Qa8 17. b4 Ne4 18. f3 Nf6 19. e4 Bb7 20. a3 Rc8 21.
Rxc8+ Qxc8 22. Qc2 Qxc2 23. Bxc2 Nd7 24. Nb3 Bd6 25. Bd3 Be5 26. Bxe5 Nxe5 27.
Be2 Kf8 28. Kf2 Ke7 29. Ke3 Nc6 30. g3 Kd6 31. Nd2 f6 32. f4 Ke7 33. Bc4 a5 34.
Bb5 Na7 35. Be2 axb4 36. axb4 Nc6 37. b5 Na5 38. Kd4 Kd6 39. e5+ fxe5+ 40.
fxe5+ Ke7 41. Bd3 h6 42. Be4 Bxe4 43. Kxe4 Nb7 44. Nc4 Nc5+ 45. Kd4 Nd7 46. Nd6
Kd8 47. h4 Ke7 48. h5 Kd8 49. Nc4 Ke7 50. g4 Kd8 51. Ke3 Ke7 52. Kf4 Kf8 53.
Ke3 Ke7 54. Ke4 Kd8 55. Nd6 Ke7 56. Kd4 Kd8 57. g5 hxg5 58. Nf7+ Ke7 59. Nxg5
Nc5 60. Ne4 Nd7 61. Nd6 Kd8 62. Ke4 Ke7 63. Kf4 Kf8 64. Nc4 Ke7 65. Kg5 Kf7 66.
Nd6+ Kf8 67. Nc4 Kf7 68. Nd6+ 1/2-1/2

[Event "Wch Juvenil 2013 sub-18"]
[Site "Al-Ain UAE"]
[Date "2013.12.23"]
[Round "7.3"]
[White "Abasov, Nijat"]
[Black "Eliseev, Urii"]
[Result "1/2-1/2"]
[WhiteElo "2510"]
[BlackElo "2552"]
[PlyCount "41"]
[EventDate "2013.12.19"]
[EventType "swiss"]
[EventRounds "11"]
[EventCountry "UAE"]
[Source "lmi"]
[SourceDate "2013.12.19"]

1. Nf3 Nf6 2. c4 g6 3. Nc3 d5 4. cxd5 Nxd5 5. e4 Nxc3 6. dxc3 Qxd1+ 7. Kxd1 Nd7
8. Bf4 c6 9. Kc2 Bg7 10. Nd2 Be5 11. Be3 Bc7 12. h3 Bb6 13. Re1 e5 14. Nc4 Bc7
15. Rd1 Ke7 16. a4 b6 17. Be2 Nf6 18. Bg5 h6 19. Bxf6+ Kxf6 20. Bg4 Be6 21.
Bxe6 1/2-1/2

[Event "Wch Juvenil 2013 sub-18"]
[Site "Al-Ain UAE"]
[Date "2013.12.23"]
[Round "7.7"]
[White "Martinez Romero, Martin"]
[Black "Chigaev, Maksim"]
[Result "0-1"]
[WhiteElo "2381"]
[BlackElo "2508"]
[PlyCount "106"]
[EventDate "2013.12.19"]
[EventType "swiss"]
[EventRounds "11"]
[EventCountry "UAE"]
[Source "lmi"]
[SourceDate "2013.12.19"]

1. c4 g6 2. Nc3 c5 3. g3 Bg7 4. Bg2 Nc6 5. Nf3 e6 6. O-O Nge7 7. Rb1 O-O 8. a3
a5 9. d3 d5 10. Nb5 b6 11. Bd2 Ba6 12. Qc2 Rc8 13. Rfc1 Qd7 14. Qb3 Rfd8 15.
Nc3 Qa7 16. Bf4 dxc4 17. dxc4 Nf5 18. g4 Nfd4 19. Qa4 Nxf3+ 20. Bxf3 Ne5 21.
Bxe5 Bxe5 22. Rd1 Qe7 23. h3 Qf6 24. Rxd8+ Rxd8 25. Qc6 Rb8 26. Ne4 Qf4 27.
Nxc5 bxc5 28. Qxa6 Qh2+ 29. Kf1 Qxh3+ 30. Bg2 Qxg4 31. Qxa5 Qxc4 32. b4 Kg7 33.
Rd1 Rb5 34. Qa7 cxb4 35. axb4 Rxb4 36. Qa3 h5 37. Bf3 Ra4 38. Qe3 Qc7 39. Bxh5
gxh5 40. Qg5+ Kh7 41. Qxh5+ Kg8 42. Qg5+ Bg7 43. Kg2 Ra8 44. Rd3 f6 45. Qg6 Qf7
46. Qe4 Rb8 47. Rd6 Re8 48. Rd3 f5 49. Qc6 Be5 50. Rh3 Qg6+ 51. Kf1 Rb8 52. Qc2
Ra8 53. e3 Qg4 0-1

[Event "Wch Juvenil 2013 sub-18"]
[Site "Al-Ain UAE"]
[Date "2013.12.23"]
[Round "7.8"]
[White "Cori, Jorge"]
[Black "Kriebel, Tadeas"]
[Result "1/2-1/2"]
[WhiteElo "2609"]
[BlackElo "2363"]
[PlyCount "128"]
[EventDate "2013.12.19"]
[EventType "swiss"]
[EventRounds "11"]
[EventCountry "UAE"]
[Source "lmi"]
[SourceDate "2013.12.19"]

1. c4 Nf6 2. Nf3 g6 3. b3 Bg7 4. Bb2 O-O 5. e3 c5 6. Be2 Nc6 7. O-O d5 8. cxd5
Qxd5 9. Nc3 Qf5 10. Rc1 b6 11. d4 cxd4 12. Nb5 Bb7 13. Nfxd4 Nxd4 14. Nxd4 Qd5
15. Bf3 Ne4 16. Rc7 e5 17. Ne2 Rfd8 18. Qa1 Ba6 19. Rfc1 Qd3 20. Nc3 Nxf2 21.
Kxf2 Qd2+ 22. Kg1 e4 23. Bxe4 Be5 24. Kh1 Bxc7 25. Rd1 Qf2 26. Bxa8 Rxd1+ 27.
Qxd1 Qxb2 28. Ne4 Be2 29. Qe1 Qe5 30. Ng3 Ba6 31. Bf3 h5 32. Kg1 h4 33. Nf1
Bxf1 34. Kxf1 Qxh2 35. Qc3 h3 36. gxh3 Qxh3+ 37. Bg2 Qf5+ 38. Ke2 Be5 39. Qc4
Qh5+ 40. Kd2 Kg7 41. Qd5 Qg5 42. a4 Qg3 43. Kd3 Bf6 44. Bf3 Qe1 45. Qc4 Qb1+
46. Kd2 Qb2+ 47. Kd3 Qe5 48. Bd5 Qf5+ 49. Ke2 Be5 50. Qe4 Qxe4 51. Bxe4 Kf6 52.
Bd5 Ke7 53. e4 f6 54. Kf3 Kd6 55. Bf7 g5 56. Bg8 Bc3 57. Bh7 Ke5 58. Bf5 Bd2
59. Bg4 Kd4 60. Bf5 Bf4 61. Bg4 Be5 62. Bf5 Kc3 63. Be6 a5 64. Bf7 Kd3 1/2-1/2

[Event "Wch Juvenil 2013 sub-18"]
[Site "Al-Ain UAE"]
[Date "2013.12.23"]
[Round "7.9"]
[White "Johansson, Linus"]
[Black "Grigoryan, Karen H"]
[Result "1/2-1/2"]
[WhiteElo "2314"]
[BlackElo "2604"]
[PlyCount "60"]
[EventDate "2013.12.19"]
[EventType "swiss"]
[EventRounds "11"]
[EventCountry "UAE"]
[Source "lmi"]
[SourceDate "2013.12.19"]

1. d4 d5 2. c4 e6 3. Nc3 c6 4. cxd5 exd5 5. Bf4 Bf5 6. e3 Nf6 7. Bd3 Bxd3 8.
Qxd3 Nh5 9. Bg3 Be7 10. Nf3 O-O 11. O-O Nxg3 12. hxg3 Nd7 13. Rab1 a5 14. Rfe1
Nb6 15. Nd2 Re8 16. Qc2 Bd6 17. Na4 Nxa4 18. Qxa4 h5 19. Qd1 h4 20. gxh4 Qxh4
21. Nf3 Qe4 22. g3 a4 23. Nd2 Qg6 24. Kg2 Bb4 25. Rc1 a3 26. b3 b6 27. Rh1 c5
28. Nf3 Rad8 29. Rh4 f6 30. Qh1 Qf5 1/2-1/2

[Event "Wch Juvenil 2013 sub-18"]
[Site "Al-Ain UAE"]
[Date "2013.12.23"]
[Round "7.11"]
[White "Laurusas, Tomas"]
[Black "Emiroglu, Cankut"]
[Result "1/2-1/2"]
[WhiteElo "2431"]
[BlackElo "2309"]
[PlyCount "56"]
[EventDate "2013.12.19"]
[EventType "swiss"]
[EventRounds "11"]
[EventCountry "UAE"]
[Source "lmi"]
[SourceDate "2013.12.19"]

1. e4 c6 2. d4 d5 3. Nc3 dxe4 4. Nxe4 Nd7 5. Nf3 Ngf6 6. Ng3 e6 7. Be3 Be7 8.
Bd3 b6 9. Qe2 Bb7 10. O-O-O Qc7 11. Rhe1 O-O 12. Bd2 c5 13. Kb1 Bxf3 14. Qxf3
cxd4 15. Bf4 Bd6 16. Bxd6 Qxd6 17. c3 Qd5 18. Be4 Nxe4 19. Qxe4 Qxe4+ 20. Nxe4
Rfd8 21. Rxd4 Ne5 22. Red1 Rxd4 23. Rxd4 Kf8 24. f4 Ng6 25. g3 e5 26. fxe5 Nxe5
27. Rd5 f6 28. a4 Re8 1/2-1/2

[Event "Wch Juvenil 2013 sub-18"]
[Site "Al-Ain UAE"]
[Date "2013.12.23"]
[Round "7.12"]
[White "Mons, Leon"]
[Black "Lewtak, Damian"]
[Result "1/2-1/2"]
[WhiteElo "2428"]
[BlackElo "2306"]
[PlyCount "112"]
[EventDate "2013.12.19"]
[EventType "swiss"]
[EventRounds "11"]
[EventCountry "UAE"]
[Source "lmi"]
[SourceDate "2013.12.19"]

1. e4 c6 2. Nf3 d5 3. Nc3 Bg4 4. h3 Bxf3 5. Qxf3 e6 6. d4 dxe4 7. Qxe4 Nf6 8.
Qd3 Nbd7 9. g3 Bd6 10. Bg2 O-O 11. O-O Qc7 12. Ne4 Nxe4 13. Qxe4 Nf6 14. Qf3
Rfd8 15. c4 Rac8 16. Rd1 e5 17. Bg5 Be7 18. dxe5 Qxe5 19. Qe3 Qxe3 20. Bxe3
Rxd1+ 21. Rxd1 b6 22. g4 h6 23. Bf3 c5 24. Kf1 Kf8 25. Ke2 Rd8 26. Bf4 Ne8 27.
Bc6 Rxd1 28. Kxd1 Bd6 29. Be3 Nc7 30. Kc2 Ke7 31. a3 Ne6 32. h4 Bf4 33. Kd3
Bxe3 34. Kxe3 g5 35. hxg5 hxg5 36. Ke4 f6 37. Bd5 Nf4 38. Bb7 Ng6 39. Kd5 Ne5
40. Bc8 Nd3 41. b3 Nc1 42. b4 cxb4 43. axb4 Nd3 44. b5 Nxf2 45. Kc6 Ne4 46. Bf5
Nc5 47. Kc7 Na4 48. Kb7 Kd6 49. Kxa7 Kc5 50. Bd3 Nc3 51. Kb7 Nd1 52. Bf5 Ne3
53. Be6 Kd6 54. Bg8 Kc5 55. Be6 Kd6 56. Bf7 Ke5 1/2-1/2

[Event "Wch Juvenil 2013 sub-18"]
[Site "Al-Ain UAE"]
[Date "2013.12.23"]
[Round "7.13"]
[White "Radovanovic, Nikola"]
[Black "Barbot, Pierre"]
[Result "1/2-1/2"]
[WhiteElo "2272"]
[BlackElo "2404"]
[PlyCount "78"]
[EventDate "2013.12.19"]
[EventType "swiss"]
[EventRounds "11"]
[EventCountry "UAE"]
[Source "lmi"]
[SourceDate "2013.12.19"]

1. e4 c5 2. Nf3 Nc6 3. d4 cxd4 4. Nxd4 g6 5. Nc3 Bg7 6. Be3 Nf6 7. Be2 O-O 8.
Nb3 d6 9. O-O b6 10. f4 Bb7 11. Bf3 Nd7 12. Qd2 Nc5 13. Rad1 Rc8 14. Nxc5 bxc5
15. Ne2 Qc7 16. c3 Na5 17. b3 Nc6 18. Ng3 a5 19. Be2 Rfd8 20. Qc2 Qb6 21. Bc4
Ba6 22. Qe2 Ra8 23. e5 d5 24. Bxa6 Rxa6 25. Qf2 d4 26. cxd4 cxd4 27. Bc1 a4 28.
bxa4 Rxa4 29. Ne4 Ra5 30. a3 f6 31. exf6 exf6 32. Rd3 h6 33. Qa2+ Kh7 34. Qf7
Rf8 35. Nxf6+ Kh8 36. Nd7 Rxf7 37. Nxb6 Rc5 38. Bd2 Rb7 39. Rb1 Rc2 1/2-1/2

[Event "Wch Juvenil 2013 sub-18"]
[Site "Al-Ain UAE"]
[Date "2013.12.23"]
[Round "7.14"]
[White "Makhmutov, Rail"]
[Black "Prince, Bajaj"]
[Result "1-0"]
[WhiteElo "2396"]
[BlackElo "2227"]
[PlyCount "101"]
[EventDate "2013.12.19"]
[EventType "swiss"]
[EventRounds "11"]
[EventCountry "UAE"]
[Source "lmi"]
[SourceDate "2013.12.19"]

1. d4 Nf6 2. c4 e6 3. g3 d5 4. Bg2 Bb4+ 5. Bd2 Be7 6. Nf3 O-O 7. O-O c6 8. Qc2
b6 9. b3 Ba6 10. Rd1 Nbd7 11. a4 c5 12. Na3 Qc8 13. Qb2 Ne4 14. Be1 Ndf6 15.
Rac1 Bb7 16. Bh3 Qb8 17. b4 cxd4 18. Nxd4 Qe5 19. Bg2 Rac8 20. Rc2 Qb8 21. f3
Nd6 22. c5 Nc4 23. Nxc4 bxc5 24. bxc5 dxc4 25. c6 Ba6 26. Qxb8 Rxb8 27. Nb5
Bxb5 28. axb5 Rxb5 29. Rxc4 Rc8 30. Bf2 a5 31. e4 Rb4 32. Rc2 a4 33. Bf1 Ne8
34. Ba6 Rc7 35. Be1 Rb6 36. Bb7 Rbxb7 37. cxb7 Rxb7 38. Rc8 Kf8 39. Ra8 a3 40.
Rc1 f6 41. Rcc8 Kf7 42. Rxe8 Rb1 43. Rxe7+ Kxe7 44. Kf1 Rb2 45. Rxa3 Rxh2 46.
Ra7+ Kf8 47. Bb4+ Kg8 48. e5 fxe5 49. Bc3 Rh5 50. Ra5 Rf5 51. Kg2 1-0

[Event "Wch Juvenil 2013 sub-18"]
[Site "Al-Ain UAE"]
[Date "2013.12.23"]
[Round "7.15"]
[White "Andersen, Mads"]
[Black "Starcevs, Dmitrijs"]
[Result "1-0"]
[WhiteElo "2501"]
[BlackElo "2178"]
[PlyCount "94"]
[EventDate "2013.12.19"]
[EventType "swiss"]
[EventRounds "11"]
[EventCountry "UAE"]
[Source "lmi"]
[SourceDate "2013.12.19"]

1. Nf3 Nf6 2. c4 g6 3. Nc3 d5 4. cxd5 Nxd5 5. Qc2 Nc6 6. d4 Ndb4 7. Qa4 Bd7 8.
Qd1 e5 9. dxe5 Bf5 10. Bg5 Be7 11. e4 Bg4 12. Bxe7 Qxe7 13. a3 Bxf3 14. gxf3
Rd8 15. Qa4 Nd3+ 16. Bxd3 Rxd3 17. Qb5 Rxf3 18. Qxb7 Nd8 19. Qb4 Qxe5 20. Rd1
c6 21. O-O Ne6 22. Qd6 Qxd6 23. Rxd6 O-O 24. Rfd1 Rb8 25. R1d2 Rb6 26. Na4 Ra6
27. Kg2 Rf4 28. Nc3 Ra5 29. Rxc6 Rg5+ 30. Kf1 Kg7 31. Rd7 Kh6 32. Rxa7 Nd4 33.
Rcc7 Rfg4 34. Ke1 Rg1+ 35. Kd2 Nf3+ 36. Ke3 Ne5 37. f4 Re1+ 38. Kd4 Nf3+ 39.
Kc4 Nd2+ 40. Kd3 Rg2 41. Rxf7 Kh5 42. Ra5+ Kh6 43. Raa7 Kh5 44. Rxh7+ Kg4 45.
Nd5 Nf1 46. Rag7 Rd2+ 47. Kc3 Rc1+ 1-0

[Event "Wch Juvenil 2013 sub-18"]
[Site "Al-Ain UAE"]
[Date "2013.12.23"]
[Round "7.16"]
[White "Grover, Sahaj"]
[Black "Igambergenov, Alibek"]
[Result "1-0"]
[WhiteElo "2485"]
[BlackElo "2323"]
[PlyCount "27"]
[EventDate "2013.12.19"]
[EventType "swiss"]
[EventRounds "11"]
[EventCountry "UAE"]
[Source "lmi"]
[SourceDate "2013.12.19"]

1. d4 f5 2. c4 Nf6 3. Nc3 g6 4. h4 Bg7 5. h5 Nxh5 6. e4 Nf6 7. e5 Ne4 8. Nxe4
fxe4 9. Qg4 d5 10. e6 Bxd4 11. Rxh7 Rxh7 12. Qxg6+ Kf8 13. Bh6+ Rxh6 14. Qf7#
1-0

[Event "Wch Juvenil 2013 sub-18"]
[Site "Al-Ain UAE"]
[Date "2013.12.23"]
[Round "7.17"]
[White "Bortnyk, Olexandr"]
[Black "Mindlin, Alon"]
[Result "1-0"]
[WhiteElo "2474"]
[BlackElo "2307"]
[PlyCount "83"]
[EventDate "2013.12.19"]
[EventType "swiss"]
[EventRounds "11"]
[EventCountry "UAE"]
[Source "lmi"]
[SourceDate "2013.12.19"]

1. e4 e5 2. Nf3 Nc6 3. Bc4 Nf6 4. Ng5 d5 5. exd5 Na5 6. Bb5+ c6 7. dxc6 bxc6 8.
Bd3 Ng4 9. Ne4 f5 10. Be2 h5 11. h3 fxe4 12. hxg4 Bc5 13. b4 Qd4 14. bxc5 O-O
15. O-O Qxa1 16. Nc3 e3 17. gxh5 Rxf2 18. Re1 Bf5 19. dxe3 Rxg2+ 20. Kxg2 Qxc3
21. Rf1 Rf8 22. Bd3 e4 23. Be2 Qxc5 24. Qd4 Qxd4 25. exd4 Be6 26. Rxf8+ Kxf8
27. a4 Nc4 28. Kg3 Kf7 29. Kf4 Bd5 30. Bg4 a6 31. Bc8 Nb6 32. Bxa6 Nxa4 33. c4
Be6 34. Ke5 Nb6 35. c5 Nc4+ 36. Kxe4 Na5 37. Kd3 Nb3 38. Bf4 Kf6 39. Kc3 g5 40.
Be5+ Kf7 41. Bd3 Nc1 42. Bg6+ 1-0